Mots déformés par les enfants (click quiz) - Statistiques

Statistiques générales
  • Ce quiz a été pris 315 fois
  • Le résultat moyen est 11 sur 11
Statistiques - réponses
Hint Réponse % Correct
Patalon Pantalon
98%
Assire Asseoir
97%
Boivez Buvez
97%
Disez Dites
97%
Faisez Faites
97%
Mouru Mort
97%
Peindu Peint
97%
Pleuvir Pleuvoir
97%
Reviendre Revenir
97%
Viendez Venez
97%
Tiendre Tenir
95%
Aucun quiz correspondant
Distribution des résultats
% des personnes avec chaque résultat
Percentile par nombre de réponses
Votre historique - résultats
Vous n’avez pas pris ce quiz